000 00620nam a2200205Ia 4500
003 GCL
005 20240530101808.0
008 140319s9999 xx 000 0 ara d
040 _aGCL /
_cGCL
082 0 4 _a962.048
_bق/م ك
100 1 _aمصطفى امين
245 1 0 _aالكتاب الممنوع :
_bاسرار ثورة 1919 /
_cمصطفى امين
260 _aالقاهرة :
_bدار المعارف
300 _a440 ص
650 0 4 _aالعصر الحديث
650 0 4 _aمصر
650 0 4 _aتاريخ
650 0 4 _aمصر - تاريخ - العصر الحديث - ثورة 1919
942 _2ddc
_cBK
999 _c27757
_d27757